banner-ar

AFFAIRES AFRICAINES / (Record no. 25402)

MARC details
000 -الفاتح
حقل البيانات ثابتة الطول 00464nam a2200193Ia 4500
008 - عناصر البيانات ثابتة الطول - معلومات عامة
حقل البيانات ثابتة الطول 140319s9999 xx 000 0 eng d
040 ## - مصدر الفهرسة
وكالة الفهرسة الأصلية GCL /
وكالة النسخ GCL
082 04 - رقم تصنيف ديوى العشرى
رقم التصنيف 967.2102
رقم المادة P A
100 1# - المدخل الرئيسى - إسم شخصى
الإسم الشخصى PEAN, PIERRE
245 10 - بيان العنوان
العنوان AFFAIRES AFRICAINES /
بيان المسئوليه,etc PEAN, PIERRE
260 ## - PUBLICATION, DISTRIBUTION, ETC. (IMPRINT)
تاريخ النشر أو التوزيع 1983
300 ## - الوصف المادى
التعداد 340
650 04 - المدخل الاضافى بالموضوع-مصطلح موضوعى
مصطلح موضوعي HISTORY
650 04 - المدخل الاضافى بالموضوع-مصطلح موضوعى
مصطلح موضوعي GABON
650 04 - المدخل الاضافى بالموضوع-مصطلح موضوعى
مصطلح موضوعي AFRICA - CENTRAL
650 04 - المدخل الاضافى بالموضوع-مصطلح موضوعى
مصطلح موضوعي FRENCH EQUATORIAL
942 ## - عناصر المدخل الإضافي( كوها)
مصدر التصنيف او مخطط الترفيف Dewey Decimal Classification
Koha [default] item type كتاب
260 ## - PUBLICATION, DISTRIBUTION, ETC. (IMPRINT)
-- [S.N] :
-- FAYARD ،
Holdings
حالة التراجع حالة الفقد حالة تلف ليس للاعارة المكان المؤقت الموقع الحالى تاريخ الاكتساب اجمالي اﻻعارات رقم الطلب الباركود تاريخ اخر مشاهدة تاريخ تفعيل السعر نوع وعاء كوها
        مكتبة القاهرة الكبرى مكتبة القاهرة الكبرى 03/26/2014   967.2102\P A 44743 03/26/2014 03/26/2014 كتاب

Powered By

EGPV